LEADER 02285nam 2200565 450 001 9910480702203321 005 20170816143302.0 010 $a1-4704-0740-X 035 $a(CKB)3360000000464510 035 $a(EBL)3113776 035 $a(SSID)ssj0000888910 035 $a(PQKBManifestationID)11525288 035 $a(PQKBTitleCode)TC0000888910 035 $a(PQKBWorkID)10875126 035 $a(PQKB)10926870 035 $a(MiAaPQ)EBC3113776 035 $a(PPN)195412087 035 $a(EXLCZ)993360000000464510 100 $a20140902h19851985 uy 0 101 0 $aeng 135 $aur|n|---||||| 181 $ctxt 182 $cc 183 $acr 200 10$aExceptional Weierstrass points and the divisor on moduli space that they define /$fSteven Diaz 210 1$aProvidence, Rhode Island :$cAmerican Mathematical Society,$d1985. 210 4$d©1985 215 $a1 online resource (76 p.) 225 1 $aMemoirs of the American Mathematical Society,$x0065-9266 ;$vVolume 56, Number 327 300 $a"July 1985, Volume 56, Number 327 (first of two numbers)." 311 $a0-8218-2328-0 320 $aIncludes bibliographical references. 327 $a""Table of Contents""; ""1. Introduction""; ""2. Preliminaries""; ""3. One Parameter Families""; ""4. Weierstrass Points, Porteous's Formula, and D[sub(g-1 ,g-1)]""; ""5. A Compactification of the Hurwitz Scheme""; ""6. Some Ennumerative Problems""; ""7. The Class of D[sub(g-1 ,g-1)]""; ""Appendices 1. Exceptional Weierstrass Points of Type g+1""; ""Appendices 2. Weierstrass Points on Singular Curves""; ""Appendices 3. Complete Families of Smooth Curves of Genus 3"" 410 0$aMemoirs of the American Mathematical Society ;$vVolume 56, Number 327. 606 $aCurves, Algebraic 606 $aModuli theory 606 $aWeierstrass points 608 $aElectronic books. 615 0$aCurves, Algebraic. 615 0$aModuli theory. 615 0$aWeierstrass points. 676 $a512/.33 700 $aDiaz$b Steven$f1957-$0917920 801 0$bMiAaPQ 801 1$bMiAaPQ 801 2$bMiAaPQ 906 $aBOOK 912 $a9910480702203321 996 $aExceptional Weierstrass points and the divisor on moduli space that they define$92058213 997 $aUNINA LEADER 04183nam 22006495 450 001 9910980484903321 005 20251116222218.0 010 $a9783031750991 010 $a3031750993 024 7 $a10.1007/978-3-031-75099-1 035 $a(MiAaPQ)EBC31909073 035 $a(Au-PeEL)EBL31909073 035 $a(CKB)37548342600041 035 $a(DE-He213)978-3-031-75099-1 035 $a(OCoLC)1500765506 035 $a(EXLCZ)9937548342600041 100 $a20250215d2024 u| 0 101 0 $aeng 135 $aurcnu|||||||| 181 $ctxt$2rdacontent 182 $cc$2rdamedia 183 $acr$2rdacarrier 200 10$aLectures in Austrian Economics, Volume II $eMonetary Policy, Capital Theory, Business Cycles and Interventionism /$fby Jesús Huerta de Soto 205 $a1st ed. 2024. 210 1$aCham :$cSpringer Nature Switzerland :$cImprint: Palgrave Macmillan,$d2024. 215 $a1 online resource (528 pages) 225 1 $aPalgrave Studies in Austrian Economics,$x3005-0472 311 08$a9783031750984 311 08$a3031750985 327 $a1. Introduction -- 2. Legal nature of the irregular money deposit contract -- 3. Essential differences between irregular deposit and loan. 4. The Theory of Capital -- 5. The Theory of the Business Cycle -- 6. Criticism of Monetarist and Keynesian Theories -- 7. Reform to the Banking System -- 8. The Price of the Factors of Production -- 9. History and Politics -- 10. Laws, Mandates and Social Order -- 11. Different Types of Socialism -- 12. Ludwig von Mises and Economic Calculation -- 13. The Criticism of Market Socialism -- 14. The State and the Market -- 15. Production Restriction -- 16. Fiscal Interventionism -- 17. International Relations -- 18. The War Economy -- 19. The Principle of Welfare Versus the Principle of the Market -- 20. The Crisis of Interventionism -- 21. The Economy in the Educational System -- 22. The Economy and Essential Problems of Human Existence -- 23. Unionism and Corporatism -- 24. Theory Economic of the Nationalism and Immigration -- 25. History of Economic Thoughts -- 26. Criticism of the Exploitation Theory -- 27. The European Union -- 28. Ethics and Political Economy. 330 $aThis book, the second of two volumes, provides a comprehensive overview of the core topics within Austrian economics. With a focus on macroeconomics, it explores foundational ideas within Austrian economics, including monetary and banking theory, law, capital theory, business cycles, the relationship between the market and the state, and interventionism. These ideas are contextualized within the history of economic thought, in particular the work of Ludwig von Mises. The Keynesian system, reform to the banking system, wages, social order, fiscal policy, and the political economy of ethics are also discussed. This book offers an accessible and engaging synthesis of Austrian economics that redefines the topic within modern economics. It will be relevant to students and researchers interested in Austrian economics and the political economy. Jesús Huerta de Soto is Professor of Economics at the King Juan Carlos University and a Senior Fellow at the Mises Institute. 410 0$aPalgrave Studies in Austrian Economics,$x3005-0472 606 $aEconomics 606 $aMacroeconomics 606 $aEconomics$xHistory 606 $aEconomic policy 606 $aPolitical Economy and Economic Systems 606 $aMacroeconomics and Monetary Economics 606 $aHistory of Economic Thought and Methodology 606 $aEconomic Policy 615 0$aEconomics. 615 0$aMacroeconomics. 615 0$aEconomics$xHistory. 615 0$aEconomic policy. 615 14$aPolitical Economy and Economic Systems. 615 24$aMacroeconomics and Monetary Economics. 615 24$aHistory of Economic Thought and Methodology. 615 24$aEconomic Policy. 676 $a338.9 700 $aHuerta de Soto$b Jesu?s$0383709 801 0$bMiAaPQ 801 1$bMiAaPQ 801 2$bMiAaPQ 906 $aBOOK 912 $a9910980484903321 996 $aLectures in Austrian Economics, Volume II$94323426 997 $aUNINA